000 00466nam a22001457a 4500
008 150120b xxu||||| |||| 00| 0 eng d
050 _aTK7819.P5 1966
100 _aPierce, John R.
_914231
245 _aQuantum electronics/
_cby John R. Pierce.
260 _aGarden City, New York:
_bDoubleday Anchor Books,
_c1966.
300 _axvi, 138p.
_c18 cm
440 _aScience study series
_n44
_914232
650 _aQuantum electronics
_914233
942 _2lcc
_cMONOGRAPH
999 _c121768
_d121768